|
|
|
|
| LEADER |
00000nab a2200000 a 4500 |
| 001 |
vtls000653160 |
| 003 |
SK-MaSNL |
| 005 |
20260304090415.0 |
| 008 |
250425c19971998xo 0 slo |
| 015 |
|
|
|a SNBRA1998/03-05163
|
| 035 |
|
|
|a CLN000005353
|
| 035 |
|
|
|a urn:nbn:sk:snk-ab1e3d
|
| 035 |
|
|
|a (urnnbn)urn:nbn:sk:snk:ar-002ugu
|
| 035 |
|
|
|a (uuid)52bb563c-d7c3-4b0d-af23-2fa622caf713
|
| 040 |
|
|
|a SNKBUCL
|b slo
|c SNKBUCL
|e AACR2
|
| 041 |
0 |
|
|a slo
|
| 044 |
|
|
|a xo
|c SK
|
| 080 |
|
|
|a 373.21:061.25(437.6):061.3
|2 1997
|
| 100 |
1 |
|
|a MM
|4 aut
|9 849636
|
| 245 |
1 |
0 |
|a Štvrtý snem
|c [autor] mm
|
| 610 |
|
7 |
|a Spoločnosť pre predškolskú výchovu na Slovensku
|b Snem
|d 1998
|2 snkbucl
|9 1381391
|
| 655 |
|
7 |
|a články zo zborníkov
|2 snkbucl
|9 166140
|
| 773 |
0 |
|
|t Predškolská výchova
|g Roč. 52, č. 4 (1997/1998), s. 35-36
|
| 850 |
|
|
|a Slovenská národná knižnica
|
| 852 |
|
|
|a Slovenská národná knižnica
|
| 954 |
|
|
|a odborná, vedecká literatúra pôvodná (slovenská)
|2 lita
|
| 958 |
|
|
|a article27
|
| 958 |
|
|
|a SK
|
| 958 |
|
|
|a OND
|
| 958 |
|
|
|a EUIPO
|
| 992 |
|
|
|a RZB
|
| 999 |
|
|
|c 2811357
|d 2813287
|